<?xml version="1.0" encoding="UTF-8"?>
<marc:record xmlns:marc="http://www.loc.gov/MARC21/slim">
   <marc:leader>00000nam a2200000 a 4500</marc:leader>
   <marc:datafield ind1="1" ind2=" " tag="100">
      <marc:subfield code="a">Ahrens, Renate</marc:subfield>
      <marc:subfield code="4">aut</marc:subfield>
      <marc:subfield code="e">Verfasser/-in</marc:subfield>
   </marc:datafield>
   <marc:datafield ind1=" " ind2=" " tag="653">
      <marc:subfield code="a">Erzählende Literatur: Gegenwartsliteratur ab 1945</marc:subfield>
   </marc:datafield>
   <marc:datafield ind1="0" ind2="0" tag="245">
      <marc:subfield code="a">Das gerettete Kind</marc:subfield>
   </marc:datafield>
   <marc:datafield ind1="0" ind2="0" tag="245">
      <marc:subfield code="b">Roman</marc:subfield>
   </marc:datafield>
   <marc:datafield ind1="0" ind2="0" tag="245">
      <marc:subfield code="c">Renate Ahrens</marc:subfield>
   </marc:datafield>
   <marc:datafield ind1=" " ind2="1" tag="264">
      <marc:subfield code="a">München</marc:subfield>
      <marc:subfield code="b">Droemer</marc:subfield>
      <marc:subfield code="c">2016</marc:subfield>
   </marc:datafield>
   <marc:datafield ind1="1" ind2=" " tag="520">
      <marc:subfield code="a">Angaben aus der Verlagsmeldung ## ##  Das gerettete Kind : Roman / von Renate Ahrens ## #Irma (94) musste einst als jüdisches Kind mit einem Kindertransport aus Nazi-Deutschland nach Irland fliehen. Ihre Eltern und Freunde blieben zurück und verschwanden so aus ihrem Leben. Dieses Trauma begleitet sie und ihre irische Familie das ganze Leben  alles Deutsche wurde aus dem Alltag verbannt. Irmas Tochter Leah findet keinen Zugang zu ihrer Mutter und resigniert angesichts ihrer zurückweisenden Art. Als sich Irmas Enkelin Rebecca in den deutschen Studenten Jonas verliebt, rüttelt sie an dem Familien-Tabu. Doch anstatt Rebeccas gewecktes Interesse an Deutschland abzulehnen, beginnt Irma zu erzählen: Von ihrer Kindheit, ihrer damaligen besten Freundin und von einer Schuld, die sie auf sich lud. Und langsam verändern sich die Beziehungen der drei Frauen. Renate Ahrens erzählt in wunderbar reduzierter Sprache von drei Frauen und der Erkenntnis, dass Schicksalsschläge über Jahrzehnte und Generationen hinweg Zeit brauchen, um zu heilen.</marc:subfield>
   </marc:datafield>
   <marc:datafield ind1=" " ind2=" " tag="020">
      <marc:subfield code="a">9783426281147</marc:subfield>
      <marc:subfield code="9">9783426281147</marc:subfield>
   </marc:datafield>
   <marc:datafield ind1=" " ind2=" " tag="041">
      <marc:subfield code="a">ger</marc:subfield>
   </marc:datafield>
   <marc:datafield ind1=" " ind2=" " tag="300">
      <marc:subfield code="a">352 S.</marc:subfield>
   </marc:datafield>
</marc:record>
